Range and livestock management.

Bibliographic Details
Previous Title:Livestock & range review
Corporate Author: University of Nevada. Agricultural Extension Service
Format: Journal
Language:English
Published: [Reno] : Cooperative Extension Service, Max C. Fleischmann College of Agriculture, University of Nevada [etc.]
Subjects:

MARC

Tag First Indicator Second Indicator Subfields
LEADER 00000cas a2200000 4500
001 in00000067484
005 20151007083727.0
008 791031c19619999nvumr p 0uuua0eng d
035 |a (OCoLC)05627955 
035 |9 AAF9789AM 
040 |a IXA  |c IXA  |d TXA  |d UtOrBLW 
049 |a TXAS 
090 |a SF85  |b .R3 
245 0 0 |a Range and livestock management. 
264 1 |a [Reno] :  |b Cooperative Extension Service, Max C. Fleischmann College of Agriculture, University of Nevada [etc.] 
300 |a  volumes :  |b illustrations  |a monthly. 
336 |a text  |b txt  |2 rdacontent 
337 |a unmediated  |b n  |2 rdamedia 
338 |a volume  |b nc  |2 rdacarrier 
362 0 |a April 1961- 
550 |a Published 1961- by service under earlier name: Nevada. University. Agricultural Extension Service. 
650 0 |a Range management  |z Nevada. 
650 0 |a Rangelands  |x Research  |x Periodicals. 
650 0 |a Livestock  |z Nevada. 
710 2 |a University of Nevada.  |b Agricultural Extension Service. 
780 0 0 |t Livestock & range review 
999 |a MARS 
999 f f |s a17a1cd2-5e75-36ac-8725-c548b168ff9a  |i 59ddeea5-0b51-3f0e-9543-825e54953ae6  |t 0 
952 f f |p noncirc  |a Texas A&M University  |b College Station  |c Cushing Memorial Library & Archives  |d Cushing: Dykes (Does not check out)  |t 0  |e SF85 .R3  |h Library of Congress classification  |i unmediated -- volume 
998 f f |a SF85 .R3  |s 1965:June,1965:Aug.  |t 0  |l Cushing: Dykes (Does not check out)